000
00289nam a22001217a 4500
020
_a
0-340-05773-
082
_a
495.1 WIL'T
100
_a
WILLIAMSON, H. R
_9
76457
245
_a
TEACH YOURSELF BOOKS CHINESE
260
_a
LONDON
_b
TEACHYOURSELF BOOKS
_c
1972
300
_a
530P
942
_c
BK
999
_c
581852
_d
581852